01501cam a2200313 i 450000100090000000300040000900500170001300800410003001000170007102000310008804000280011904200080014705000220015508200200017710000320019724501660022925000210039526400330041630000320044933600260048133700280050733800270053550000550056250400510061752004320066865000160110065000280111670000430114422359388OSt20250609154032.0211222s2023 caua b 001 0 eng  a 2021062071 a9781071870594q(paperback) aDLCbengerdacDLCdDLC apcc00aHD57.7b.L87 202200a658.4092bLUS/L1 aLussier, Robert N.eauthor.10aLeadership :btheory, application, & skill development /cRobert N. Lussier, Springfield College, Christopher F. Achua, University of Virginia's College at Wise. aSeventh edition. 1aLos Angeles :bSAGE,c[2023] axxxviii, 610 pages :c25 cm atextbtxt2rdacontent aunmediatedbn2rdamedia avolumebnc2rdacarrier aRevised edition of the authors' Leadership, [2016] aIncludes bibliographical references and index. a"Packed with self-assessments, applications, and exercises, Leadership: Theory, Application, and Skill Development 7e offers a highly practical introduction to leadership theories and concepts. Bestselling author Robert N. Lussier and Christopher F. Achua provide integrated coverage of global, ethical, and social issues help prepare students for a wide range of leadership situations and challenges"--cProvided by publisher. 0aLeadership. 0aTeams in the workplace.1 aAchua, Christopher F.,d1961-eauthor.